Statistics for Owl City-"Fireflies" Whole Lyrics

Click here to take the quiz!

General Stats

  • This quiz has been taken 61 times
  • The average score is 254 of 337

Answer Stats

Answer% Correct
a
100%
I
100%
fireflies
98%
the
98%
as
96%
believe
96%
not
96%
ten
96%
you
96%
your
96%
asleep
94%
to
94%
would
94%
Earth
92%
eyes
92%
it
92%
planet
92%
slowly
92%
up
92%
fell
90%
if
90%
my
90%
that
90%
turns
90%
I'm
88%
million
88%
when
88%
I'd
86%
like
86%
make
86%
myself
86%
awake
84%
'cause
82%
cause
82%
hard
82%
is
82%
it's
82%
lit
82%
rather
82%
say
82%
world
82%
an
80%
seems
80%
fall
78%
stay
78%
me
76%
never
73%
and
71%
from
71%
just
71%
they
71%
thousand
71%
everything
69%
in
67%
air
63%
everywhere
63%
lightning
63%
bugs
61%
by
61%
do
61%
open
61%
stare
61%
but
59%
here
59%
how
59%
take
59%
teardrops
59%
away
57%
dance
57%
feel
57%
fill
57%
stand
57%
hugs
55%
leave
55%
please
55%
teach
53%
think
51%
foxtrot
49%
get
49%
goodbyes
49%
hanging
49%
thread
49%
you'd
49%
bed
47%
beneath
47%
door
47%
dreams
47%
hate
47%
head
47%
weird
47%
above
45%
are
45%
crack
45%
disco
45%
such
45%
ball
43%
because
43%
rude
43%
too
43%
far
41%
insomniac
41%
where
41%
at
39%
sheep
39%
tire
39%
tried
39%
counting
37%
of
37%
sock
37%
real
35%
them
35%
tired
35%
bursting
33%
farewell
33%
I'll
33%
why
33%
bizarre
31%
hop
31%
jar
31%
know
31%
said
31%
seams
31%
keep
29%
misty
29%
got
27%
several
27%
they'd
27%
few
20%
saved
18%
fairwell
6%
sau
0%

Score Distribution

Percentile by Number Answered

Percent of People with Each Score

Your Score History

You have not taken this quiz